01325nab a22002297a 4500003000400000005001700004008004100021040001100062100003600073245014600109260007300255300001500328500003700343505026000380505010300640505008900743650002300832650003000855650003200885650004400917773013400961OSt20250217210655.0190603e xxum|||| |||| 00| 0 spa d cPJ-TDF aPérez Hortal, María Eugenia13aLos niños, niñas y adolescentes como legitimados pasivos en la acción de nulidad del reconocimiento /cMaría Eugenia Pérez Hortal.  cCiudad Autónoma de Buenos Aires :aThomson Reuters La Ley, b2023. ap. 169-177 aCita: TR LALEY AR/DOC/1485/2023. aSumario: I. Introducción.— II. El planteo judicial. Su desarrollo.— III. Las acciones de desplazamiento de estado filial y los intereses comprometidos.— IV. La participación del NNyA en el proceso. Nociones generales.— V. Reflexiones finales.  tFallo comentado: ST La Pampa, sala A ~ 14/02/2023 ~ L., M. O. c. A., C. Y. s/ acción de nulidad. t¿Te interesa el texto completo? Solicitalo al correo: koha@justierradelfuego.gov.ar 0aDERECHO DE FAMILIA 0aINTEGRACIÓN DE LA LITIS 0aINTERES SUPERIOR DEL NIÑO 0aRECONOCIMIENTO DE HIJO EXTRAMATRIMONIAL0 02713dCiudad Autónoma de Buenos Aires : Thomson Reuters La Ley, 2015-tRevista Código Civil y Comercial. Nº 5 - Octubre 2023